[Event "II Torneo Internacional Femenino Gran Hotel Bali "
[Site "Benidorm (Alicante - SPAIN)"]
[Date "2011.12.05"]
[Round "1"]
[Board "1"]
[White "Savina, Anastasia"]
[Black "Nicolas Zapata, Irene"]
[Result "1-0"]
[WhiteElo "2343"]
[BlackElo "2071"]
[PlyCount "73"]
[EventDate "2011.12.05"]
[EventRounds "9"]
[EventCountry "ESP"]

1. d4 Nf6 2. c4 e6 3. Nc3 Bb4 4. e3 b6 5. Nge2 Bb7 6. a3 Bd6 7. d5 exd5 8. cxd5
O-O 9. g3 a5 10. Bg2 Re8 11. O-O Na6 12. Rb1 Nc5 13. b4 axb4 14. axb4 Nce4 15.
Nxe4 Nxe4 16. Bb2 Qg5 17. Nc3 Nxc3 18. Bxc3 Ra3 19. Bb2 Ra2 20. Qb3 Rea8 21.
Ra1 Rxa1 22. Bxa1 Qe7 23. Bb2 Ra7 24. b5 Be5 25. Rc1 Bxb2 26. Qxb2 Qd6 27. e4
f6 28. f4 Bc8 29. e5 fxe5 30. fxe5 Qh6 31. Kh1 Ra2 32. Qc3 Ra7 33. d6 Qe6 34.
dxc7 Ra2 35. Rd1 Qg4 36. Qb3+ Kh8 37. Rf1 1-0

[Event "II Torneo Internacional Femenino Gran Hotel Bali "
[Site "Benidorm (Alicante - SPAIN)"]
[Date "2011.12.05"]
[Round "1"]
[Board "1"]
[White "Collado Barbas, Laura"]
[Black "Cerrato Torrijos, Maria"]
[Result "1-0"]
[WhiteElo "2078"]
[BlackElo "2069"]
[PlyCount "75"]
[EventDate "2011.12.05"]
[EventRounds "9"]
[EventCountry "ESP"]

1. d4 Nf6 2. c4 e6 3. Nc3 Bb4 4. Qc2 O-O 5. e4 d5 6. e5 Ne4 7. Bd3 c5 8. Nf3
cxd4 9. Nxd4 Nd7 10. Bf4 Ndc5 11. O-O Nxd3 12. Qxd3 Bxc3 13. bxc3 f6 14. Rad1
Qc7 15. cxd5 fxe5 16. Nb5 Qb8 17. Be3 a6 18. Qxe4 axb5 19. d6 Bd7 20. Qxe5 Rf5
21. Qg3 Rxa2 22. Bd4 Rf7 23. Rd3 Qe8 24. Qe5 Bc6 25. Rh3 Qd7 26. Re1 Rf6 27.
Rg3 Rf7 28. h4 Bd5 29. h5 h6 30. Rg6 Ra6 31. Qg3 Kf8 32. Re3 Ra2 33. Qe5 Rfxf2
34. Reg3 Rf5 35. Rxg7 Rxe5 36. Rg8+ Kf7 37. R3g7+ Kf6 38. Rxd7 1-0

[Event "II Torneo Internacional Femenino Gran Hotel Bali "
[Site "Benidorm (Alicante - SPAIN)"]
[Date "2011.12.05"]
[Round "1"]
[Board "1"]
[White "Aghabekian, Liana"]
[Black "Guadamuro Torrente, Anabel"]
[Result "0-1"]
[WhiteElo "2115"]
[BlackElo "2188"]
[PlyCount "76"]
[EventDate "2011.12.05"]
[EventRounds "9"]
[EventCountry "ESP"]

1. e4 e5 2. Nf3 Nc6 3. Bc4 Bc5 4. c3 Nf6 5. d3 O-O 6. Nbd2 d6 7. Bb3 Kh8 8. O-O
Ng8 9. h3 f5 10. exf5 Bxf5 11. Ne4 Bb6 12. Ng3 Bg6 13. Bg5 Qd7 14. Be3 Nge7 15.
Bxb6 axb6 16. d4 e4 17. Nh4 d5 18. Nxg6+ Nxg6 19. f3 Qd6 20. Nh5 Na5 21. fxe4
dxe4 22. Bf7 c5 23. Bxg6 hxg6 24. Qg4 gxh5 25. Qxe4 cxd4 26. cxd4 Rad8 27. Rad1
Rxf1+ 28. Kxf1 Qd5 29. Qh4 Nc4 30. Kg1 Nxb2 31. Rd2 Nc4 32. Rd3 Re8 33. Qf2 Nd6
34. Qh4 Re4 35. Qd8+ Kh7 36. Qxb6 Qb5 37. Qxb5 Nxb5 38. Rb3 Nd6 0-1

[Event "II Torneo Internacional Femenino Gran Hotel Bali "
[Site "Benidorm (Alicante - SPAIN)"]
[Date "2011.12.05"]
[Round "1"]
[Board "1"]
[White "Matnadze, Ana"]
[Black "Maisuradze, Nino"]
[Result "1-0"]
[WhiteElo "2438"]
[BlackElo "2315"]
[PlyCount "53"]
[EventDate "2011.12.05"]
[EventRounds "9"]
[EventCountry "ESP"]

1. d4 d5 2. g3 Nf6 3. Bg2 c6 4. c4 Bf5 5. Nc3 e6 6. Nf3 Be7 7. O-O Nbd7 8. Nd2
O-O 9. e4 dxe4 10. Ndxe4 Nxe4 11. Nxe4 Nf6 12. Nc3 Qd7 13. Be3 Rac8 14. Qb3 Ng4
15. Rad1 Nxe3 16. fxe3 Bg4 17. Rd2 h5 18. Ne4 Bf5 19. d5 Bxe4 20. Bxe4 cxd5 21.
cxd5 Bc5 22. Rd3 Rcd8 23. dxe6 Qxe6 24. Bd5 Qb6 25. Bxf7+ Kh8 26. Rf5 Rxf7 27.
Qxb6 1-0

[Event "II Torneo Internacional Femenino Gran Hotel Bali "
[Site "Benidorm (Alicante - SPAIN)"]
[Date "2011.12.05"]
[Round "1"]
[Board "1"]
[White "Rudolf, Anna"]
[Black "Aranaz Murillo, Amalia"]
[Result "0-1"]
[WhiteElo "2347"]
[BlackElo "2211"]
[PlyCount "102"]
[EventDate "2011.12.05"]
[EventRounds "9"]
[EventCountry "ESP"]

1. e4 c6 2. d4 d5 3. e5 Bf5 4. Nd2 e6 5. Nb3 Nd7 6. Nf3 Ne7 7. Be2 h6 8. O-O g5
9. Ne1 c5 10. c4 dxc4 11. Bxc4 Nc6 12. Nc2 Qc7 13. Ne3 Nxd4 14. Nxd4 cxd4 15.
Nxf5 Qxc4 16. Nxd4 Bg7 17. b3 Qd5 18. Nf5 Bxe5 19. Qxd5 exd5 20. Ba3 Bxa1 21.
Rxa1 Ne5 22. Rd1 Kd7 23. Ne3 Ke6 24. Nxd5 Rhd8 25. Nc7+ Kf5 26. Re1 Rac8 27.
Nb5 Rc6 28. h3 Rd5 29. Nxa7 Ra6 30. Nc8 Rxa3 31. Ne7+ Ke6 32. Nxd5 Kxd5 33. Re2
f5 34. f4 gxf4 35. Kf2 Ra6 36. Rd2+ Ke6 37. a4 Rb6 38. Rd8 Rxb3 39. Rh8 Rb2+
40. Kf1 Nf7 41. Re8+ Kf6 42. a5 Nd6 43. Rh8 Kg7 44. Ra8 Ne4 45. Ra7 Kg6 46. a6
bxa6 47. Rxa6+ Kg5 48. h4+ Kxh4 49. Rxh6+ Kg5 50. Rh2 Ng3+ 51. Ke1 f3 0-1

[Event "II Torneo Internacional Femenino Gran Hotel Bali "
[Site "Benidorm (Alicante - SPAIN)"]
[Date "2011.12.06"]
[Round "2"]
[Board "1"]
[White "Nicolas Zapata, Irene"]
[Black "Aranaz Murillo, Amalia"]
[Result "1-0"]
[WhiteElo "2071"]
[BlackElo "2211"]
[PlyCount "77"]
[EventDate "2011.12.05"]
[EventRounds "9"]
[EventCountry "ESP"]

1. c4 Nf6 2. Nf3 e6 3. g3 d5 4. Bg2 dxc4 5. a4 c6 6. Na3 Bxa3 7. Rxa3 Nbd7 8.
Qc2 O-O 9. Qxc4 e5 10. O-O Re8 11. d3 Nb6 12. Qc2 Bf5 13. a5 Nc8 14. a6 Qb6 15.
Nd2 Rb8 16. axb7 Rxb7 17. Bxc6 Rc7 18. Rc3 Rxc6 19. Rxc6 Qd4 20. Qc4 Qd8 21.
Nf3 e4 22. Ng5 Re7 23. dxe4 Nxe4 24. Nxe4 Rxe4 25. Qc5 Bh3 26. Be3 Nb6 27. Rc1
Qa8 28. Qc2 Re8 29. Bxb6 axb6 30. f3 Qd8 31. Qd3 Bd7 32. Rc8 Qg5 33. Qe4 Rf8
34. Rxf8+ Kxf8 35. Rd1 Be8 36. Qb4+ Kg8 37. Qxb6 Qe7 38. Kf2 h6 39. Qe3 1-0

[Event "II Torneo Internacional Femenino Gran Hotel Bali "
[Site "Benidorm (Alicante - SPAIN)"]
[Date "2011.12.06"]
[Round "2"]
[Board "1"]
[White "Maisuradze, Nino"]
[Black "Rudolf, Anna"]
[Result "1/2-1/2"]
[WhiteElo "2315"]
[BlackElo "2347"]
[PlyCount "53"]
[EventDate "2011.12.05"]
[EventRounds "9"]
[EventCountry "ESP"]

1. d4 e6 2. Nf3 Nf6 3. Bg5 c5 4. e3 Be7 5. Bd3 O-O 6. dxc5 Bxc5 7. c4 d5 8. O-O
dxc4 9. Bxc4 Bd7 10. Nc3 Bc6 11. Ne5 Nbd7 12. Nxc6 bxc6 13. Ne4 Be7 14. Nxf6+
Bxf6 15. Bxf6 Nxf6 16. Qxd8 Rfxd8 17. Rfd1 Rab8 18. Rac1 Kf8 19. Bb3 Rxd1+ 20.
Rxd1 Ke7 21. Rc1 Kd6 22. f3 Nd7 23. e4 e5 24. Rc2 f6 25. Kf2 Rb4 26. Bg8 h6 27.
Ke2 1/2-1/2

[Event "II Torneo Internacional Femenino Gran Hotel Bali "
[Site "Benidorm (Alicante - SPAIN)"]
[Date "2011.12.06"]
[Round "2"]
[Board "1"]
[White "Guadamuro Torrente, Anabel"]
[Black "Matnadze, Ana"]
[Result "1/2-1/2"]
[WhiteElo "2188"]
[BlackElo "2438"]
[PlyCount "103"]
[EventDate "2011.12.05"]
[EventRounds "9"]
[EventCountry "ESP"]

1. e4 e5 2. Bc4 d6 3. Nf3 Nc6 4. c3 g6 5. d3 Bg7 6. Nbd2 Nge7 7. O-O O-O 8. Bb3
h6 9. Nc4 Kh7 10. Re1 f5 11. exf5 Nxf5 12. Ne3 Nxe3 13. Rxe3 d5 14. h3 Bf5 15.
Re1 g5 16. d4 e4 17. Nh2 Ne7 18. f3 Ng6 19. fxe4 Bxe4 20. Bc2 Qe7 21. Bxe4 dxe4
22. Be3 c5 23. dxc5 Rad8 24. Qa4 Nf4 25. Qxa7 Qe5 26. Bxf4 gxf4 27. Qxb7 Rfe8
28. c6 Rb8 29. Qd7 Re7 30. Qd2 Qc5+ 31. Kh1 Qxc6 32. Rab1 Rf8 33. Ng4 Kh8 34.
Rbd1 Rb7 35. a3 h5 36. Nh2 f3 37. gxf3 exf3 38. Qd5 Qxd5 39. Rxd5 Rxb2 40.
Rxh5+ Kg8 41. Rg5 Kh7 42. Rf1 f2 43. c4 Rb3 44. Kg2 Bd4 45. Rg3 Rxg3+ 46. Kxg3
Ra8 47. Kg2 Rxa3 48. Ng4 Rc3 49. Nxf2 Bxf2 50. Rxf2 Rxc4 51. Rf6 Rc3 52. Rd6
1/2-1/2

[Event "II Torneo Internacional Femenino Gran Hotel Bali "
[Site "Benidorm (Alicante - SPAIN)"]
[Date "2011.12.06"]
[Round "2"]
[Board "1"]
[White "Cerrato Torrijos, Maria"]
[Black "Aghabekian, Liana"]
[Result "1-0"]
[WhiteElo "2069"]
[BlackElo "2115"]
[PlyCount "151"]
[EventDate "2011.12.05"]
[EventRounds "9"]
[EventCountry "ESP"]

1. e4 e5 2. Nf3 Nc6 3. Bc4 Be7 4. O-O Nf6 5. d3 d6 6. Re1 O-O 7. a4 h6 8. a5 a6
9. c3 Nh7 10. Nbd2 Kh8 11. d4 Bf6 12. d5 Ne7 13. Nf1 Ng8 14. Bd3 g6 15. c4 Bg7
16. c5 f5 17. cxd6 cxd6 18. N3d2 f4 19. Nc4 f3 20. gxf3 Bh3 21. Ng3 h5 22. Bf1
Bxf1 23. Nxf1 Bh6 24. Bxh6 Nxh6 25. Nfd2 Ng5 26. Qb3 Nh3+ 27. Kf1 Nf4 28. Rec1
Rc8 29. Ke1 Rc5 30. Kd1 Rb5 31. Qe3 Nf7 32. Kc2 Qh4 33. Kb1 Rc8 34. Ka2 Nh3 35.
Rg1 Kg7 36. Rg3 Nf4 37. Ka3 Qxh2 38. b4 Qh4 39. Ka4 Qd8 40. Na3 Qc7 41. Rgg1
Qd7 42. Kb3 h4 43. Nxb5 Qxb5 44. Rac1 Rxc1 45. Rxc1 h3 46. Nf1 Nd3 47. Rc4 Nc5+
48. Kc3 Na4+ 49. Kb3 Nb2 50. Rc1 Nd3 51. Rb1 Qxb4+ 52. Kc2 Qc4+ 53. Kd1 Nb4 54.
Nd2 Qc2+ 55. Ke2 Na2 56. Kf1 Nc3 57. Re1 Nd1 58. Qb3 Qxd2 59. Qxd1 Qxa5 60. Kg1
Qd8 61. Kh2 Qd7 62. Rg1 b5 63. Rg3 Qa7 64. Qg1 g5 65. Rxh3 b4 66. Kg2 a5 67.
Qh1 Qc5 68. Rh7+ Kf8 69. Qh5 Qc7 70. Qg6 Qe7 71. Qg7+ Ke8 72. Qg6 b3 73. Rh8+
Kd7 74. Qf5+ Kc7 75. Qc8+ Kb6 76. Qc6+ 1-0

[Event "II Torneo Internacional Femenino Gran Hotel Bali "
[Site "Benidorm (Alicante - SPAIN)"]
[Date "2011.12.06"]
[Round "2"]
[Board "1"]
[White "Savina, Anastasia"]
[Black "Collado Barbas, Laura"]
[Result "1-0"]
[WhiteElo "2343"]
[BlackElo "2078"]
[PlyCount "83"]
[EventDate "2011.12.05"]
[EventRounds "9"]
[EventCountry "ESP"]

1. d4 d5 2. c4 e6 3. Nc3 c6 4. e3 f5 5. Bd3 Nf6 6. Nge2 Bd6 7. Qc2 a6 8. f3 O-O
9. Bd2 b6 10. a3 Qc7 11. e4 fxe4 12. fxe4 e5 13. dxe5 Bxe5 14. exd5 Bg4 15.
O-O-O Nbd7 16. h3 Bxe2 17. Bxe2 cxd5 18. cxd5 Rfc8 19. Kb1 Qd6 20. g4 Kh8 21.
Bf3 b5 22. g5 Ne8 23. Qf5 g6 24. Qe6 Nc5 25. Qxd6 Nxd6 26. h4 Nd3 27. h5 Nf2
28. hxg6 Nxh1 29. Rxh1 Ra7 30. Ne4 Nc4 31. Bc3 Bxc3 32. bxc3 Rg8 33. gxh7 Rf8
34. g6 Rxf3 35. Ng5 Rf5 36. Ne6 Rf1+ 37. Rxf1 Nd2+ 38. Ka2 Nxf1 39. d6 Ne3 40.
Nc7 Rb7 41. d7 Rb8 42. Ne6 1-0

[Event "II Torneo Internacional Femenino Gran Hotel Bali "
[Site "Benidorm (Alicante - SPAIN)"]
[Date "2011.12.07"]
[Round "3"]
[Board "1"]
[White "Collado Barbas, Laura"]
[Black "Nicolas Zapata, Irene"]
[Result "1-0"]
[WhiteElo "2078"]
[BlackElo "2071"]
[PlyCount "63"]
[EventDate "2011.12.05"]
[EventRounds "9"]
[EventCountry "ESP"]

1. d4 e6 2. c4 Bb4+ 3. Nc3 c5 4. Nf3 Nf6 5. Qc2 Nc6 6. e3 O-O 7. Bd3 d5 8. dxc5
Bxc5 9. a3 a6 10. O-O dxc4 11. Bxc4 Qe7 12. b4 Bd6 13. Bb2 Ne5 14. Be2 Ng6 15.
Rfd1 Rd8 16. Ne4 Nxe4 17. Qxe4 f5 18. Qc4 b5 19. Qb3 Bb7 20. Bc3 Rac8 21. Rac1
Kh8 22. Nd4 Bd5 23. Qb2 f4 24. Bf3 Bxf3 25. Nxf3 e5 26. exf4 e4 27. Nd4 Bxf4
28. Nf5 Rxd1+ 29. Rxd1 Qc7 30. Bxg7+ Kg8 31. g3 Bc1 32. Qf6 1-0

[Event "II Torneo Internacional Femenino Gran Hotel Bali "
[Site "Benidorm (Alicante - SPAIN)"]
[Date "2011.12.07"]
[Round "3"]
[Board "1"]
[White "Aghabekian, Liana"]
[Black "Savina, Anastasia"]
[Result "0-1"]
[WhiteElo "2115"]
[BlackElo "2343"]
[PlyCount "78"]
[EventDate "2011.12.05"]
[EventRounds "9"]
[EventCountry "ESP"]

1. e4 c5 2. Nf3 Nc6 3. d4 cxd4 4. Nxd4 e5 5. Nb5 d6 6. N1c3 a6 7. Na3 b5 8. Nd5
Nce7 9. Bg5 f6 10. Be3 Nxd5 11. Qxd5 Rb8 12. O-O-O Bb7 13. Qe6+ Qe7 14. Qg4 Qd7
15. Qxd7+ Kxd7 16. f3 d5 17. exd5 Bxa3 18. bxa3 Ne7 19. a4 Bxd5 20. axb5 axb5
21. a4 bxa4 22. Bc5 Ng6 23. c4 Kc6 24. Ba7 Be6 25. Bxb8 Rxb8 26. g3 Ne7 27. Bd3
Kc5 28. Kc2 Nc6 29. Bxh7 Nd4+ 30. Kd2 Rb2+ 31. Kc3 Rb3+ 32. Kd2 Rb2+ 33. Kc3
Rb3+ 34. Kd2 Nxf3+ 35. Ke2 Nd4+ 36. Kf2 Rb2+ 37. Ke3 Re2+ 38. Kd3 Bxc4+ 39. Kc3
Nb5# 0-1

[Event "II Torneo Internacional Femenino Gran Hotel Bali "
[Site "Benidorm (Alicante - SPAIN)"]
[Date "2011.12.07"]
[Round "3"]
[Board "1"]
[White "Matnadze, Ana"]
[Black "Cerrato Torrijos, Maria"]
[Result "1-0"]
[WhiteElo "2438"]
[BlackElo "2069"]
[PlyCount "113"]
[EventDate "2011.12.05"]
[EventRounds "9"]
[EventCountry "ESP"]

1. d4 d5 2. g3 Nf6 3. Bg2 c5 4. c4 dxc4 5. Nf3 Nc6 6. Qa4 cxd4 7. Nxd4 Qxd4 8.
Bxc6+ Bd7 9. Be3 Qxb2 10. Bxd7+ Nxd7 11. O-O e6 12. Rd1 b5 13. Qa6 Rd8 14. Nd2
Be7 15. Rab1 Qc2 16. Qxb5 O-O 17. Qxc4 Qxc4 18. Nxc4 Nc5 19. Rxd8 Rxd8 20. Na5
Bf8 21. Nc6 Ra8 22. Rc1 Ne4 23. Nxa7 Nf6 24. f3 Nd5 25. Bd4 h6 26. a4 Bb4 27.
e4 Nc3 28. Bxc3 Bxc3 29. Rxc3 Rxa7 30. Ra3 Ra5 31. Kf2 Kf8 32. Ke3 Ke7 33. Kd4
Kd6 34. Kc4 Kc6 35. Kb4 Ra7 36. a5 Rb7+ 37. Kc4 Ra7 38. f4 Rd7 39. a6 Ra7 40.
g4 Kb6 41. f5 exf5 42. gxf5 Rc7+ 43. Kd5 Ka7 44. e5 Rc2 45. e6 fxe6+ 46. fxe6
Re2 47. h3 g5 48. Kd6 h5 49. e7 Rd2+ 50. Ke6 Re2+ 51. Kf6 g4 52. h4 Re1 53. Ra5
g3 54. Rg5 Kxa6 55. Rxg3 Rf1+ 56. Kg7 Re1 57. Rg6+ 1-0

[Event "II Torneo Internacional Femenino Gran Hotel Bali "
[Site "Benidorm (Alicante - SPAIN)"]
[Date "2011.12.07"]
[Round "3"]
[Board "1"]
[White "Rudolf, Anna"]
[Black "Guadamuro Torrente, Anabel"]
[Result "1-0"]
[WhiteElo "2347"]
[BlackElo "2188"]
[PlyCount "139"]
[EventDate "2011.12.05"]
[EventRounds "9"]
[EventCountry "ESP"]

1. d4 d6 2. e4 Nf6 3. Nc3 e5 4. Nf3 Nbd7 5. Bc4 Be7 6. O-O O-O 7. a4 c6 8. a5
Qc7 9. h3 h6 10. Qe2 Re8 11. d5 a6 12. Bd2 cxd5 13. Bxd5 Nf8 14. Be3 Be6 15.
Bb6 Qd7 16. Rfd1 Bxd5 17. Nxd5 Nxd5 18. Rxd5 Ng6 19. Be3 Qe6 20. Qd3 Rac8 21.
Ra4 Rc7 22. Rb4 Qc8 23. c3 Bf8 24. Rb6 Rc6 25. Qc2 Rxb6 26. axb6 Qc6 27. Qd1
Re6 28. Ne1 Ne7 29. Nc2 Qc4 30. Rxd6 Rxd6 31. Qxd6 Qxe4 32. Nb4 Nf5 33. Qd3
Qxd3 34. Nxd3 Nxe3 35. fxe3 f6 36. b4 Be7 37. c4 e4 38. Nc5 Bd8 39. Na4 Kf7 40.
c5 Ke7 41. c6 bxc6 42. b7 Bc7 43. Nc5 f5 44. Nxa6 Kd7 45. h4 g5 46. h5 Bg3 47.
Kf1 Be5 48. Ke2 Bd6 49. Kd1 Be5 50. Kd2 f4 51. b8=Q Bxb8 52. Nxb8+ Kd6 53. Ke2
Kd5 54. Nd7 Ke6 55. Nf8+ Kd5 56. exf4 gxf4 57. Ng6 f3+ 58. gxf3 exf3+ 59. Kxf3
Kc4 60. Ne5+ Kxb4 61. Nxc6+ Kc5 62. Ne7 Kd6 63. Nf5+ Ke6 64. Nxh6 Kf6 65. Kf4
Kg7 66. Kg5 Kh7 67. Nf5 Kh8 68. Kg6 Kg8 69. h6 Kh8 70. Nd6 1-0

[Event "II Torneo Internacional Femenino Gran Hotel Bali "
[Site "Benidorm (Alicante - SPAIN)"]
[Date "2011.12.07"]
[Round "3"]
[Board "1"]
[White "Aranaz Murillo, Amalia"]
[Black "Maisuradze, Nino"]
[Result "1/2-1/2"]
[WhiteElo "2211"]
[BlackElo "2315"]
[PlyCount "93"]
[EventDate "2011.12.05"]
[EventRounds "9"]
[EventCountry "ESP"]

1. Nf3 d5 2. c4 d4 3. g3 Nc6 4. Bg2 e5 5. O-O Bd6 6. d3 Bg4 7. Na3 Qd7 8. Re1
Bh3 9. Bh1 h5 10. Qb3 h4 11. c5 Bxc5 12. Qxb7 Rb8 13. Nxe5 Rxb7 14. Bxc6 Qxc6
15. Nxc6 hxg3 16. hxg3 Rb6 17. Ne5 Bb4 18. Rd1 Re6 19. Nac4 Ne7 20. a3 Bd6 21.
Nxd6+ cxd6 22. Nf3 Rxe2 23. Nxd4 Re5 24. f3 Reh5 25. Bf4 Nd5 26. Ne2 Kd7 27. g4
R5h7 28. Kf2 g5 29. Bxg5 f5 30. Nf4 Nxf4 31. Bxf4 fxg4 32. fxg4 Bxg4 33. Rg1
Bf5 34. Rg5 Rf8 35. Rag1 Bxd3 36. Rg7+ Kc6 37. Ke3 Rxg7 38. Rxg7 Bb5 39. Rxa7
Re8+ 40. Kd4 Rf8 41. Bd2 Rf3 42. Be3 Rg3 43. b3 Rg4+ 44. Kc3 Rg3 45. Kd4 Rg4+
46. Kc3 Rg3 47. Kd4 1/2-1/2

[Event "II Torneo Internacional Femenino Gran Hotel Bali "
[Site "Benidorm (Alicante - SPAIN)"]
[Date "2011.12.07"]
[Round "4"]
[Board "1"]
[White "Nicolas Zapata, Irene"]
[Black "Maisuradze, Nino"]
[Result "0-1"]
[WhiteElo "2071"]
[BlackElo "2315"]
[PlyCount "62"]
[EventDate "2011.12.05"]
[EventRounds "9"]
[EventCountry "ESP"]

1. c4 e5 2. g3 g6 3. Bg2 Bg7 4. Nc3 Nc6 5. Nf3 d6 6. O-O h6 7. Rb1 f5 8. d3 g5
9. Qc2 Nge7 10. b4 a6 11. a4 g4 12. Nd2 Nd4 13. Qd1 O-O 14. Nb3 Ne6 15. d4 exd4
16. Nd5 Ng6 17. b5 a5 18. Bd2 c6 19. bxc6 bxc6 20. Nf4 Ngxf4 21. gxf4 Bd7 22.
Qe1 Qe8 23. Nxa5 Rxa5 24. Bxa5 Nxf4 25. Bc7 Be5 26. f3 Nxe2+ 27. Kh1 Qh5 28. f4
Nxf4 29. Qf2 Ne6 30. Qg1 Nxc7 31. Rb7 Rc8 0-1

[Event "II Torneo Internacional Femenino Gran Hotel Bali "
[Site "Benidorm (Alicante - SPAIN)"]
[Date "2011.12.07"]
[Round "4"]
[Board "1"]
[White "Guadamuro Torrente, Anabel"]
[Black "Aranaz Murillo, Amalia"]
[Result "1-0"]
[WhiteElo "2188"]
[BlackElo "2211"]
[PlyCount "47"]
[EventDate "2011.12.05"]
[EventRounds "9"]
[EventCountry "ESP"]

1. b3 d5 2. e3 Nf6 3. Bb2 c5 4. f4 Nc6 5. Nf3 Bg4 6. Bb5 Qb6 7. Bxc6+ Qxc6 8.
d3 e6 9. Nbd2 Bd6 10. O-O d4 11. exd4 Bxf4 12. Qe1 Qd6 13. Nc4 Qd5 14. Nfe5 Bh6
15. Rxf6 gxf6 16. Nxg4 Bg7 17. dxc5 Qxc5+ 18. Qe3 Qxe3+ 19. Ncxe3 Ke7 20. Rf1
Rhg8 21. Nxf6 Bxf6 22. Bxf6+ Ke8 23. Nc4 Kd7 24. Rf4 1-0

[Event "II Torneo Internacional Femenino Gran Hotel Bali "
[Site "Benidorm (Alicante - SPAIN)"]
[Date "2011.12.07"]
[Round "4"]
[Board "1"]
[White "Cerrato Torrijos, Maria"]
[Black "Rudolf, Anna"]
[Result "0-1"]
[WhiteElo "2069"]
[BlackElo "2347"]
[PlyCount "118"]
[EventDate "2011.12.05"]
[EventRounds "9"]
[EventCountry "ESP"]

1. e4 e5 2. Nf3 Nc6 3. Bc4 Bc5 4. c3 Nf6 5. d3 d6 6. Bb3 Bb6 7. Nbd2 Ne7 8. Nc4
Ng6 9. Nxb6 axb6 10. O-O O-O 11. Re1 h6 12. h3 Nh7 13. d4 Qf6 14. Nh2 Nf4 15.
Bxf4 Qxf4 16. Qf3 Qh4 17. Qe3 Qf6 18. Nf3 Ng5 19. Nxg5 hxg5 20. Rad1 g4 21.
hxg4 Bxg4 22. Rd3 Ra5 23. Qg3 Qg6 24. Qh4 Qh5 25. Qe7 exd4 26. cxd4 Rg5 27. Rg3
Rg6 28. f4 Bf3 29. Rg5 Rxg5 30. Qxg5 Qxg5 31. fxg5 Bh5 32. Kf2 Re8 33. e5 dxe5
34. dxe5 Kf8 35. Kg3 Bg6 36. Kf4 Rd8 37. Rd1 Rxd1 38. Bxd1 Ke7 39. Bg4 Bd3 40.
Bc8 Bc4 41. a3 Bd5 42. g3 c5 43. Bg4 b5 44. Be2 Bc6 45. g6 fxg6 46. Bd3 Be8 47.
Be4 Ke6 48. Bxb7 g5+ 49. Kxg5 Kxe5 50. g4 Kd4 51. Kf4 Kc4 52. Ke5 Kb3 53. Kd5
c4 54. a4 bxa4 55. Ba6 Bf7+ 56. Kd6 Kxb2 57. Ke7 Bg8 58. Kf8 Bd5 59. Kxg7 a3
0-1

[Event "II Torneo Internacional Femenino Gran Hotel Bali "
[Site "Benidorm (Alicante - SPAIN)"]
[Date "2011.12.07"]
[Round "4"]
[Board "1"]
[White "Savina, Anastasia"]
[Black "Matnadze, Ana"]
[Result "1/2-1/2"]
[WhiteElo "2343"]
[BlackElo "2438"]
[PlyCount "51"]
[EventDate "2011.12.05"]
[EventRounds "9"]
[EventCountry "ESP"]

1. d4 Nf6 2. c4 e6 3. Nc3 Bb4 4. Qc2 d5 5. cxd5 Qxd5 6. Nf3 Qf5 7. Qb3 c5 8. a3
Ba5 9. Qc4 Nbd7 10. b4 cxb4 11. axb4 Bd8 12. Qb3 O-O 13. h3 Ne4 14. Nxe4 Qxe4
15. e3 Qg6 16. Qd3 Be7 17. Bd2 Bd6 18. Qxg6 hxg6 19. Bb5 Nb6 20. Ke2 a6 21. Bd3
Bd7 22. Ng5 Bc6 23. Ne4 Be7 24. f3 Nd5 25. Nc5 g5 26. Rhc1 1/2-1/2

[Event "II Torneo Internacional Femenino Gran Hotel Bali "
[Site "Benidorm (Alicante - SPAIN)"]
[Date "2011.12.07"]
[Round "4"]
[Board "1"]
[White "Collado Barbas, Laura"]
[Black "Aghabekian, Liana"]
[Result "1-0"]
[WhiteElo "2078"]
[BlackElo "2115"]
[PlyCount "163"]
[EventDate "2011.12.05"]
[EventRounds "9"]
[EventCountry "ESP"]

1. d4 Nf6 2. c4 g6 3. Nc3 Bg7 4. Nf3 O-O 5. e4 d6 6. h3 e5 7. d5 Nh5 8. Nh2 Qe8
9. Be2 Nf4 10. Bf3 f5 11. g3 Nxh3 12. Bg2 f4 13. Nf3 g5 14. Rxh3 g4 15. Rh1
gxf3 16. Qxf3 Qg6 17. gxf4 exf4 18. Bd2 Bg4 19. Qd3 Na6 20. f3 Nb4 21. Qb1 Bh5
22. Kf1 Be5 23. Ne2 Na6 24. Qe1 Qf7 25. Qh4 Bg6 26. Bh3 Qf6 27. Be6+ Kh8 28.
Qxf6+ Rxf6 29. Rb1 Nc5 30. Bg4 Rg8 31. Rh4 b6 32. Nc3 a5 33. Ke2 Rf7 34. b3
Rfg7 35. Rbh1 Rf8 36. Nd1 Rff7 37. Nf2 Bf6 38. R4h3 Bd4 39. Rh4 Be5 40. Nd3
Nxd3 41. Kxd3 Rf6 42. a3 Kg8 43. Bc3 Bxc3 44. Kxc3 Kf8 45. b4 axb4+ 46. axb4
Ke7 47. Ra1 Rf8 48. Ra7 Kf6 49. Be6 Ke5 50. Rh1 Re8 51. Raa1 Ree7 52. Rag1 Be8
53. Bf5 Bg6 54. Rg5 Kf6 55. Rhg1 Ref7 56. Kd4 Rf8 57. R5g4 Ke7 58. Bxg6 Rxg6
59. Rxg6 hxg6 60. Rxg6 Rf7 61. e5 dxe5+ 62. Kxe5 b5 63. c5 Rh7 64. Kxf4 Rh4+
65. Rg4 Rh1 66. Rg7+ Kd8 67. Ke5 Re1+ 68. Kf6 c6 69. dxc6 Rf1 70. Rb7 Rxf3+ 71.
Ke5 Re3+ 72. Kd4 Re6 73. Kd5 Re1 74. Rxb5 Rd1+ 75. Kc4 Rc1+ 76. Kd3 Rd1+ 77.
Kc2 Rh1 78. Rb7 Rh6 79. Rd7+ Kc8 80. Rd6 Rh3 81. Rd3 Rh6 82. b5 1-0

[Event "II Torneo Internacional Femenino Gran Hotel Bali "
[Site "Benidorm (Alicante - SPAIN)"]
[Date "2011.12.08"]
[Round "5"]
[Board "1"]
[White "Aghabekian, Liana"]
[Black "Nicolas Zapata, Irene"]
[Result "0-1"]
[WhiteElo "2115"]
[BlackElo "2071"]
[PlyCount "0"]
[EventDate "2011.12.05"]
[EventRounds "9"]
[EventCountry "ESP"]

1. e4 { [%clk 1:30] } c5 { [%clk 1:30] } 2. Nf3 { [%clk 1:31] } g6 { [%clk
1:31] } 3. h4 { [%clk 1:27] } Bg7 { [%clk 1:13] } 4. h5 { [%clk 1:24] } Nc6 {
[%clk 1:12] } 5. Bc4 { [%clk 1:13] } Nf6 { [%clk 1:02] } 6. h6 { [%clk 1:08] }
Bf8 { [%clk 1:02] } 7. e5 { [%clk 1:08] } d5 { [%clk 0:57] } 8. Bb5 { [%clk
1:02] } Ng4 { [%clk 0:57] } 9. d4 { [%clk 0:56] } a6 { [%clk 0:51] } 10. Bxc6+
{ [%clk 0:55] } bxc6 { [%clk 0:52] } 11. Nc3 { [%clk 0:49] } Qa5 { [%clk 0:34]
} 12. a3 { [%clk 0:25] } Rb8 { [%clk 0:31] } 13. Rh4 { [%clk 0:20] } f6 {
[%clk 0:22] } 14. Kf1 { [%clk 0:16.52] } g5 { [%clk 0:19.14] } 15. Nh2 { [%clk
0:15.50] } gxh4 { [%clk 0:13.55] } 16. Nxg4 { [%clk 0:16.19] } Rg8 { [%clk
0:14.03] } 17. Nh2 { [%clk 0:14.13] } cxd4 { [%clk 0:12.39] } 18. Qxd4 { [%clk
0:14.15] } h3 { [%clk 0:11.21] } 19. g3 { [%clk 0:13.55] } Qb6 { [%clk
0:09.55] } 20. Qf4 { [%clk 0:13.40] } fxe5 { [%clk 0:09.28] } 21. Qxe5 { [%clk
0:14.07] } d4 { [%clk 0:08.09] } 22. Ne2 { [%clk 0:13.53] } Qb5 { [%clk
0:08.09] } 23. Qf4 { [%clk 0:12.17] } e5 { [%clk 0:08.06] } 24. Qh4 { [%clk
0:11.33] } Qd5 { [%clk 0:06.34] } 25. f3 { [%clk 0:11.50] } Bd6 { [%clk
0:05.16] } 26. b3 { [%clk 0:11.59] } Bf5 { [%clk 0:05.21] } 27. Kf2 { [%clk
0:08.43] } Be7 { [%clk 0:04.29] } 28. Qh5+ { [%clk 0:08.19] } Qf7 { [%clk
0:04.58] } 29. Qxf7+ { [%clk 0:08.28] } Kxf7 { [%clk 0:05.27] } 30. Ra2 {
[%clk 0:08.44] } c5 { [%clk 0:05.06] } 31. g4 { [%clk 0:06.28] } Bh4+ { [%clk
0:05.10] } 32. Ng3 { [%clk 0:06.13] } e4 { [%clk 0:04.51] } 33. Bf4 { [%clk
0:05.43] } e3+ { [%clk 0:05.03] } 34. Ke2 { [%clk 0:04.53] } Bxg3 { [%clk
0:05.28] } 35. Bxg3 { [%clk 0:05.19] } Rbd8 { [%clk 0:05.32] } 36. Bc7 { [%clk
0:03.58] } Rd7 { [%clk 0:05.55] } 37. Bb6 { [%clk 0:04.15] } Bxc2 { [%clk
0:06.01] } 38. Bxc5 { [%clk 0:03.52] } d3+ { [%clk 0:06.06] } 39. Ke1 0-1